000 00702nam a2200289Ia 4500
005 20260324133825.0
008 008 260324s9999 xx 000 0 eng d
020 _a9781315029085
037 _aEBOOK
040 _aCRL
040 _beng
040 _cCRL
041 _2eng
041 _aeng
084 _qCRL
100 _aTudor Parfitt; Emanuela Semi
_91194534
245 0 _aJudaising Movements
245 0 _bStudies in the Margins of Judaism in Modern Times
260 _bTaylor and Francis
260 _c2002
365 _a
365 _b230
856 _uhttp://www.taylorfrancis.com/books/9781315029085
942 _cEBOOK
999 _c1793969
_d1793969